000 00467nam a2200181Ia 4500
003 GCL
008 140319s9999 xx 000 0 eng d
040 _aGCL /
_cGCL
082 0 4 _a843
_bS J
100 1 _aDE SA, A.
245 1 0 _aJUSTINE OU LES MALHEURS DE LA VERTU /
_cDE SA, A.
260 _a[S.N] :
_bLE LIVRE DE POCHE ،
_c1978
300 _a378 P
490 _aLE LIVRE DE POCHE
_v0
650 0 4 _aLITERATURE
650 0 4 _aFRENCH LITERATURE
942 _2ddc
_cBK
999 _c23212
_d23212